000 00469nam a22001697a 4500
005 20251108164028.0
008 250721s1962 xx 000 0 ara d
082 1 4 _a323/مار
100 1 _aمارتيان، جاك
245 1 0 _aالفرد و الدولة /
264 1 _aبيروت :
_bدار مكتبة الحياه،
_c1962.
300 _a235ص
650 1 7 _aالدولة
700 1 _aأمين، عبد الله
_eترجمة
942 _2ddc
_cBK
999 _c1830
_d1830